[Event "XXVI Miedzynarodowy Festiwal Szachowy im.Jozefa Dominika"]
[Site "Dobczyce"]
[Date "2018.07.12"]
[Round "2.7"]
[White "Kawula, Andrzej"]
[Black "Tymrakiewicz, Rafal"]
[Result "0-1"]
[BlackElo "2218"]
[WhiteElo "1848"]
[LiveChessVersion "1.4.8"]

1. d4 {[%clk 1:30:51]} c5 {[%clk 1:30:05]} 2. d5 {[%clk 1:29:36]} d6
{[%clk 1:29:26]} 3. c4 {[%clk 1:29:14]} e5 {[%clk 1:25:48]} 4. dxe6
{[%clk 1:25:38]} fxe6 {[%clk 1:24:23]} 5. e4 {[%clk 1:25:05]} Nc6
{[%clk 1:24:46]} 6. Nf3 {[%clk 1:24:28]} e5 {[%clk 1:21:42]} 7. Nc3
{[%clk 1:24:11]} Nf6 {[%clk 1:21:20]} 8. Bg5 {[%clk 1:23:06]} Be7
{[%clk 1:21:21]} 9. Qd2 {[%clk 1:16:52]} O-O {[%clk 1:20:34]} 10. O-O-O
{[%clk 1:15:31]} Nd4 {[%clk 1:17:58]} 11. Kb1 {[%clk 1:09:58]} a6
{[%clk 1:13:43]} 12. Bxf6 {[%clk 1:07:53]} Bxf6 {[%clk 1:12:45]} 13. Nxd4
{[%clk 1:08:01]} cxd4 {[%clk 1:12:21]} 14. Nd5 {[%clk 1:08:02]} Bg5
{[%clk 1:07:35]} 15. Qc2 {[%clk 1:04:58]} Bg4 {[%clk 1:05:52]} 16. f3
{[%clk 1:05:16]} Be6 {[%clk 1:06:16]} 17. Bd3 {[%clk 1:00:17]} Rc8
{[%clk 0:57:32]} 18. Qe2 {[%clk 0:58:59]} Rf7 {[%clk 0:53:13]} 19. g3
{[%clk 0:58:02]} Bh6 {[%clk 0:49:24]} 20. h4 {[%clk 0:56:08]} Rc5
{[%clk 0:46:43]} 21. Rdf1 {[%clk 0:51:06]} b5 {[%clk 0:40:47]} 22. f4
{[%clk 0:47:22]} bxc4 {[%clk 0:36:14]} 23. Bxc4 {[%clk 0:46:34]} exf4
{[%clk 0:24:39]} 24. g4 {[%clk 0:39:32]} f3 {[%clk 0:20:20]} 25. Qd3
{[%clk 0:38:48]} g6 {[%clk 0:12:08]} 26. Bb3 {[%clk 0:25:42]} Kh8
{[%clk 0:04:04]} 27. Rxf3 {[%clk 0:22:27]} Rxf3 {[%clk 0:04:09]} 28. Qxf3
{[%clk 0:22:37]} Qf8 {[%clk 0:02:54]} 29. Qd3 {[%clk 0:20:04]} Bxg4
{[%clk 0:01:50]} 30. Rf1 {[%clk 0:18:06]} Qc8 {[%clk 0:02:08]} 31. Qxd4+
{[%clk 0:16:35]} Bg7 {[%clk 0:02:36]} 32. Qd2 {[%clk 0:16:39]} a5
{[%clk 0:01:13]} 33. Qf4 {[%clk 0:13:18]} Be6 {[%clk 0:00:54]} 34. Qxd6
{[%clk 0:11:26]} Rc6 {[%clk 0:00:50]} 35. Qf4 {[%clk 0:10:37]} Bxd5
{[%clk 0:00:53]} 36. exd5 {[%clk 0:10:52]} Rf6 {[%clk 0:01:01]} 37. Qc4
{[%clk 0:08:57]} Rxf1+ {[%clk 0:01:00]} 38. Qxf1 {[%clk 0:09:25]} Qb8
{[%clk 0:01:00]} 39. Qe2 {[%clk 0:09:16]} Be5 {[%clk 0:01:06]} 40. a3
{[%clk 0:06:43]} Kg7 {[%clk 0:01:24]} 41. Qc4 {[%clk 0:04:44]} Bf6
{[%clk 0:00:55]} 42. Ka2 {[%clk 0:04:39]} Qe5 {[%clk 0:00:40]} 43. Qc2
{[%clk 0:03:31]} Bxh4 {[%clk 0:01:05]} 44. Qd2 {[%clk 0:03:46]} Bf6
{[%clk 0:00:34]} 45. d6 {[%clk 0:03:44]} Qd4 {[%clk 0:01:04]} 46. Qxd4
{[%clk 0:02:42]} Bxd4 {[%clk 0:01:33]} 47. Ba4 {[%clk 0:02:49]} Kf6
{[%clk 0:01:42]} 48. b4 {[%clk 0:02:58]} axb4 {[%clk 0:02:07]} 49. axb4
{[%clk 0:03:27]} g5 {[%clk 0:02:10]} 50. d7 {[%clk 0:03:37]} Bb6 {[%clk 0:01:55]}
51. Kb3 {[%clk 0:03:52]} g4 {[%clk 0:02:14]} 52. Bc6 {[%clk 0:04:08]} h5
{[%clk 0:02:23]} 53. Kc4 {[%clk 0:04:29]} h4 {[%clk 0:02:18]} 54. Kd3
{[%clk 0:03:38]} h3 {[%clk 0:00:45]} 55. Ke2 {[%clk 0:02:59]} Ke5
{[%clk 0:00:54]} 56. d8=Q {[%clk 0:00:53]} Bxd8 {[%clk 0:01:22]} 57. Kf2
{[%clk 0:01:22]} Kf4 {[%clk 0:01:35]} 58. Bd7 {[%clk 0:01:33]} g3+
{[%clk 0:01:48]} 59. Ke2 0-1

[Event "XXVI Miedzynarodowy Festiwal Szachowy im.Jozefa Dominika"]
[Site "Dobczyce"]
[Date "2018.07.12"]
[Round "2.8"]
[White "Kozak, Antoni"]
[Black "Kucharski, Bartlomiej"]
[Result "1/2-1/2"]
[BlackElo "1861"]
[WhiteElo "2208"]
[LiveChessVersion "1.4.8"]

1. e4 {[%clk 1:30:23]} e5 {[%clk 1:30:49]} 2. Nf3 {[%clk 1:30:01]} Nf6
{[%clk 1:31:04]} 3. d3 {[%clk 1:29:23]} Nc6 {[%clk 1:31:18]} 4. Be2
{[%clk 1:29:46]} d5 {[%clk 1:30:45]} 5. Nbd2 {[%clk 1:30:09]} Bc5
{[%clk 1:31:07]} 6. O-O {[%clk 1:30:31]} O-O {[%clk 1:31:27]} 7. c3
{[%clk 1:30:57]} a5 {[%clk 1:31:47]} 8. b3 {[%clk 1:31:22]} Re8 {[%clk 1:31:50]}
9. a3 {[%clk 1:31:44]} b6 {[%clk 1:27:04]} 10. Rb1 {[%clk 1:31:49]} dxe4
{[%clk 1:23:53]} 11. dxe4 {[%clk 1:32:06]} Bb7 {[%clk 1:22:33]} 12. Bc4
{[%clk 1:29:30]} h6 {[%clk 1:13:49]} 13. b4 {[%clk 1:28:52]} axb4
{[%clk 1:13:58]} 14. axb4 {[%clk 1:29:10]} Bd6 {[%clk 1:14:06]} 15. Qb3
{[%clk 1:29:16]} Qd7 {[%clk 1:12:25]} 16. Re1 {[%clk 1:25:45]} Nd8
{[%clk 1:10:58]} 17. Bd3 {[%clk 1:19:16]} Bc6 {[%clk 0:43:17]} 18. b5
{[%clk 1:16:53]} Bb7 {[%clk 0:43:40]} 19. Nc4 {[%clk 1:16:59]} Bc8
{[%clk 0:42:23]} 20. Rd1 {[%clk 1:05:33]} Nb7 {[%clk 0:36:17]} 21. Be3
{[%clk 1:05:26]} Qe7 {[%clk 0:33:22]} 22. Nxd6 {[%clk 1:04:58]} Nxd6
{[%clk 0:33:43]} 23. Qb4 {[%clk 1:04:37]} Bg4 {[%clk 0:23:11]} 24. h3
{[%clk 1:02:43]} Bxf3 {[%clk 0:23:26]} 25. gxf3 {[%clk 1:03:11]} Nh5
{[%clk 0:22:51]} 26. Bf1 {[%clk 1:03:30]} Qf6 {[%clk 0:07:37]} 27. Bxb6
{[%clk 0:57:33]} cxb6 {[%clk 0:07:47]} 28. Rxd6 {[%clk 0:57:15]} Qxf3
{[%clk 0:08:11]} 29. Bg2 {[%clk 0:57:13]} Qe2 {[%clk 0:08:01]} 30. Qb2
{[%clk 0:52:42]} Nf4 {[%clk 0:07:07]} 31. Rxb6 {[%clk 0:49:15]} Red8
{[%clk 0:03:34]} 32. Qxe2 {[%clk 0:49:24]} Nxe2+ {[%clk 0:04:01]} 33. Kh2
{[%clk 0:49:34]} Nxc3 {[%clk 0:04:27]} 34. Rc1 {[%clk 0:49:12]} Ne2
{[%clk 0:02:32]} 35. Rc7 {[%clk 0:49:34]} Rdc8 {[%clk 0:01:37]} 36. Rxc8+
{[%clk 0:46:51]} Rxc8 {[%clk 0:02:06]} 37. Rb7 {[%clk 0:46:46]} Nd4
{[%clk 0:02:18]} 38. b6 {[%clk 0:46:48]} Rc2 {[%clk 0:01:26]} 39. Rb8+
{[%clk 0:45:03]} Kh7 {[%clk 0:01:50]} 40. b7 {[%clk 0:45:29]} Rb2
{[%clk 0:02:16]} 41. Bf1 {[%clk 0:45:49]} Rxf2+ {[%clk 0:00:53]} 42. Kg3
{[%clk 0:45:55]} Rxf1 {[%clk 0:00:34]} 43. Rh8+ {[%clk 0:45:49]} Kxh8
{[%clk 0:00:59]} 44. b8=Q+ {[%clk 0:46:14]} Kh7 {[%clk 0:01:23]} 45. Qxe5
{[%clk 0:46:08]} Ne6 {[%clk 0:01:37]} 46. Kg2 {[%clk 0:45:07]} 1/2-1/2

[Event "XXVI Miedzynarodowy Festiwal Szachowy im.Jozefa Dominika"]
[Site "Dobczyce"]
[Date "2018.07.12"]
[Round "2.9"]
[White "Golenia, Wojciech"]
[Black "Klementys, Jerzy"]
[Result "1-0"]
[BlackElo "1724"]
[WhiteElo "1984"]
[LiveChessVersion "1.4.8"]

1. d4 {[%clk 1:30:55]} Nf6 {[%clk 1:30:54]} 2. Bg5 {[%clk 1:31:21]} Ne4
{[%clk 1:31:15]} 3. Bf4 {[%clk 1:31:47]} d5 {[%clk 1:28:54]} 4. e3
{[%clk 1:32:01]} e6 {[%clk 1:26:16]} 5. Bd3 {[%clk 1:32:24]} Bd6 {[%clk 1:20:13]}
6. Ne2 {[%clk 1:32:37]} O-O {[%clk 1:20:20]} 7. c4 {[%clk 1:24:17]} Bxf4
{[%clk 1:13:12]} 8. Nxf4 {[%clk 1:24:01]} Nf6 {[%clk 1:12:42]} 9. Nc3
{[%clk 1:15:47]} c6 {[%clk 1:11:43]} 10. O-O {[%clk 1:09:58]} dxc4
{[%clk 1:09:01]} 11. Bxc4 {[%clk 1:07:49]} Nbd7 {[%clk 1:04:09]} 12. Nd3
{[%clk 1:01:34]} Qc7 {[%clk 0:58:46]} 13. Qf3 {[%clk 0:47:13]} Nb6
{[%clk 0:49:05]} 14. Bb3 {[%clk 0:44:40]} Nbd5 {[%clk 0:43:19]} 15. e4
{[%clk 0:39:09]} Nxc3 {[%clk 0:43:27]} 16. bxc3 {[%clk 0:39:14]} Qa5
{[%clk 0:38:05]} 17. e5 {[%clk 0:32:52]} Nd5 {[%clk 0:36:51]} 18. c4
{[%clk 0:32:11]} Ne7 {[%clk 0:36:41]} 19. Nf4 {[%clk 0:28:26]} Ng6
{[%clk 0:35:07]} 20. Nxg6 {[%clk 0:25:28]} hxg6 {[%clk 0:35:17]} 21. Rfd1
{[%clk 0:24:50]} c5 {[%clk 0:32:09]} 22. d5 {[%clk 0:17:00]} exd5
{[%clk 0:32:13]} 23. cxd5 {[%clk 0:17:00]} Qb4 {[%clk 0:32:41]} 24. e6
{[%clk 0:11:13]} fxe6 {[%clk 0:22:39]} 25. dxe6 {[%clk 0:11:12]} Rxf3
{[%clk 0:15:12]} 26. e7+ {[%clk 0:11:00]} c4 {[%clk 0:15:05]} 27. Rd8+
{[%clk 0:10:36]} Kh7 {[%clk 0:11:06]} 28. e8=Q {[%clk 0:10:36]} Rf8
{[%clk 0:10:41]} 29. Qxf8 {[%clk 0:10:32]} Qxf8 {[%clk 0:11:08]} 30. Rxf8
{[%clk 0:10:52]} cxb3 {[%clk 0:11:35]} 31. axb3 {[%clk 0:10:46]} b6
{[%clk 0:11:41]} 32. h4 {[%clk 0:09:19]} a5 {[%clk 0:11:59]} 33. Re1
{[%clk 0:06:08]} Bb7 {[%clk 0:12:27]} 34. Rxa8 {[%clk 0:06:10]} Bxa8
{[%clk 0:12:56]} 35. Re6 {[%clk 0:06:19]} b5 {[%clk 0:12:31]} 36. Ra6
{[%clk 0:06:11]} Bd5 {[%clk 0:13:00]} 37. Rxa5 {[%clk 0:06:28]} Bxb3
{[%clk 0:13:27]} 38. Rxb5 {[%clk 0:06:51]} Bc2 {[%clk 0:13:49]} 39. Rb8
{[%clk 0:05:46]} Bd3 {[%clk 0:13:36]} 40. f3 {[%clk 0:05:02]} Bc2
{[%clk 0:13:59]} 41. Kf2 {[%clk 0:05:22]} Bd3 {[%clk 0:14:12]} 42. g4
{[%clk 0:05:33]} Bc2 {[%clk 0:14:19]} 43. Ke3 {[%clk 0:05:12]} Ba4
{[%clk 0:14:44]} 44. Rf8 {[%clk 0:05:07]} Bb3 {[%clk 0:14:59]} 45. Kf4
{[%clk 0:04:49]} Bd5 {[%clk 0:15:05]} 46. Ke5 {[%clk 0:05:05]} Bb3
{[%clk 0:14:58]} 47. g5 {[%clk 0:04:30]} Bc4 {[%clk 0:14:55]} 48. Kd6
{[%clk 0:04:37]} Bb3 {[%clk 0:15:04]} 49. Ke7 {[%clk 0:04:48]} Bd5
{[%clk 0:15:13]} 50. Rf7 {[%clk 0:04:44]} Kg8 {[%clk 0:14:25]} 51. Rf8+
{[%clk 0:05:09]} Kh7 {[%clk 0:14:53]} 52. f4 {[%clk 0:05:06]} Be4
{[%clk 0:14:02]} 53. Rd8 {[%clk 0:05:07]} Bc2 {[%clk 0:11:14]} 54. Kf8
{[%clk 0:05:19]} Kh8 {[%clk 0:11:05]} 55. Rd7 {[%clk 0:05:27]} Bf5
{[%clk 0:11:32]} 56. Rxg7 {[%clk 0:05:06]} Be4 {[%clk 0:11:51]} 57. Kf7
{[%clk 0:04:49]} Bd3 {[%clk 0:11:27]} 58. Rxg6 {[%clk 0:05:05]} Bxg6+
{[%clk 0:11:45]} 59. Kxg6 {[%clk 0:05:29]} 1-0

[Event "XXVI Miedzynarodowy Festiwal Szachowy im.Jozefa Dominika"]
[Site "Dobczyce"]
[Date "2018.07.12"]
[Round "3.1"]
[White "Mis, Mieszko"]
[Black "Kasperek, Ryszard"]
[Result "1/2-1/2"]
[BlackElo "2156"]
[WhiteElo "2291"]
[LiveChessVersion "1.4.8"]

1. d4 {[%clk 1:27:43]} Nf6 {[%clk 1:30:34]} 2. Nf3 {[%clk 1:27:55]} c5
{[%clk 1:30:20]} 3. e3 {[%clk 1:25:31]} g6 {[%clk 1:29:43]} 4. dxc5
{[%clk 1:22:13]} Qa5+ {[%clk 1:25:15]} 5. Nbd2 {[%clk 1:22:18]} Bg7
{[%clk 1:24:55]} 6. a3 {[%clk 1:21:36]} Qxc5 {[%clk 1:18:13]} 7. b4
{[%clk 1:21:54]} Qc7 {[%clk 1:18:39]} 8. Bb2 {[%clk 1:22:20]} O-O
{[%clk 1:18:06]} 9. Be2 {[%clk 1:21:38]} a5 {[%clk 1:11:29]} 10. O-O
{[%clk 1:14:48]} Na6 {[%clk 1:08:55]} 11. Nb3 {[%clk 0:55:28]} b6
{[%clk 1:05:58]} 12. b5 {[%clk 0:47:26]} Nb8 {[%clk 0:58:34]} 13. Nbd2
{[%clk 0:39:18]} Bb7 {[%clk 0:58:24]} 14. e4 {[%clk 0:37:19]} d6 {[%clk 0:52:32]}
15. e5 {[%clk 0:33:54]} dxe5 {[%clk 0:44:44]} 16. Bxe5 {[%clk 0:30:10]} Qd8
{[%clk 0:40:53]} 17. Nc4 {[%clk 0:28:36]} Nbd7 {[%clk 0:38:14]} 18. Bd4
{[%clk 0:28:00]} Qc7 {[%clk 0:29:10]} 19. Nfe5 {[%clk 0:22:22]} Rad8
{[%clk 0:26:03]} 20. Nxd7 {[%clk 0:19:53]} Nxd7 {[%clk 0:26:19]} 21. Bxg7
{[%clk 0:19:34]} Kxg7 {[%clk 0:25:23]} 22. Qd4+ {[%clk 0:19:46]} f6
{[%clk 0:25:35]} 23. Qe3 {[%clk 0:18:53]} e5 {[%clk 0:20:26]} 24. Rad1
{[%clk 0:18:16]} Nc5 {[%clk 0:20:12]} 25. Qg3 {[%clk 0:17:27]} Ne4
{[%clk 0:13:58]} 26. Qe3 {[%clk 0:17:55]} Nc5 {[%clk 0:14:18]} 27. Qg3
{[%clk 0:17:51]} Ne4 1/2-1/2

[Event "XXVI Miedzynarodowy Festiwal Szachowy im.Jozefa Dominika"]
[Site "Dobczyce"]
[Date "2018.07.12"]
[Round "3.2"]
[White "Lewtak, Dominik"]
[Black "Szczurek, Krzysztof"]
[Result "0-1"]
[BlackElo "2136"]
[WhiteElo "2164"]
[LiveChessVersion "1.4.8"]

1. c4 {[%clk 1:30:54]} Nf6 {[%clk 1:30:49]} 2. d4 {[%clk 1:30:53]} g6
{[%clk 1:31:07]} 3. Nc3 {[%clk 1:31:14]} Bg7 {[%clk 1:31:26]} 4. Nf3
{[%clk 1:31:37]} O-O {[%clk 1:31:46]} 5. e4 {[%clk 1:31:59]} d6 {[%clk 1:32:10]}
6. Be2 {[%clk 1:31:49]} Nbd7 {[%clk 1:32:31]} 7. O-O {[%clk 1:32:09]} e5
{[%clk 1:32:55]} 8. Qc2 {[%clk 1:29:07]} c6 {[%clk 1:30:31]} 9. Rd1
{[%clk 1:27:47]} Qe7 {[%clk 1:30:54]} 10. a3 {[%clk 1:15:11]} Nh5
{[%clk 1:28:35]} 11. b4 {[%clk 1:10:53]} Nf4 {[%clk 1:27:24]} 12. Bf1
{[%clk 1:08:50]} Ne6 {[%clk 1:26:02]} 13. d5 {[%clk 1:03:37]} Nd4
{[%clk 1:25:55]} 14. Qd3 {[%clk 1:03:18]} c5 {[%clk 1:23:17]} 15. Ne2
{[%clk 0:56:17]} Nxf3+ {[%clk 1:20:56]} 16. Qxf3 {[%clk 0:54:44]} f5
{[%clk 1:21:19]} 17. Nc3 {[%clk 0:50:54]} f4 {[%clk 1:17:21]} 18. bxc5
{[%clk 0:48:19]} Nxc5 {[%clk 1:17:32]} 19. a4 {[%clk 0:46:42]} g5
{[%clk 1:12:45]} 20. Qh5 {[%clk 0:47:20]} a6 {[%clk 1:08:41]} 21. Ba3
{[%clk 0:47:20]} Nb3 {[%clk 1:08:57]} 22. Rab1 {[%clk 0:47:41]} Nd4
{[%clk 1:09:10]} 23. Rb6 {[%clk 0:44:35]} Rf6 {[%clk 1:05:01]} 24. Qxg5
{[%clk 0:37:22]} Qc7 {[%clk 1:05:14]} 25. Rdb1 {[%clk 0:35:06]} Rg6
{[%clk 1:03:06]} 26. Qxg6 {[%clk 0:20:46]} hxg6 {[%clk 1:03:02]} 27. Rxd6
{[%clk 0:21:11]} Nc2 {[%clk 1:00:45]} 28. Rxg6 {[%clk 0:20:58]} Nxa3
{[%clk 1:01:06]} 29. h4 {[%clk 0:21:03]} Nxb1 {[%clk 1:01:24]} 0-1

[Event "XXVI Miedzynarodowy Festiwal Szachowy im.Jozefa Dominika"]
[Site "Dobczyce"]
[Date "2018.07.12"]
[Round "3.3"]
[White "Watorek, Marcin"]
[Black "Bednarczyk, Damian"]
[Result "0-1"]
[BlackElo "2227"]
[WhiteElo "2113"]
[LiveChessVersion "1.4.8"]

1. d4 {[%clk 1:30:58]} e6 {[%clk 1:29:22]} 2. c4 {[%clk 1:31:22]} Nf6
{[%clk 1:28:51]} 3. Nf3 {[%clk 1:31:16]} d5 {[%clk 1:25:51]} 4. Nc3
{[%clk 1:31:30]} c6 {[%clk 1:24:44]} 5. Bg5 {[%clk 1:31:21]} Nbd7
{[%clk 1:23:42]} 6. e3 {[%clk 1:31:34]} Bd6 {[%clk 1:23:09]} 7. Qc2
{[%clk 1:30:45]} h6 {[%clk 1:22:02]} 8. Bh4 {[%clk 1:30:29]} Qa5 {[%clk 1:20:26]}
9. Bd3 {[%clk 1:26:10]} dxc4 {[%clk 1:18:44]} 10. Bxc4 {[%clk 1:26:35]} b5
{[%clk 1:19:05]} 11. Bb3 {[%clk 1:19:03]} c5 {[%clk 1:15:35]} 12. Bxf6
{[%clk 1:13:26]} gxf6 {[%clk 1:09:36]} 13. Qe4 {[%clk 1:10:52]} Rb8
{[%clk 1:09:37]} 14. Bxe6 {[%clk 1:05:28]} fxe6 {[%clk 1:09:03]} 15. Qxe6+
{[%clk 1:05:48]} Be7 {[%clk 1:09:23]} 16. dxc5 {[%clk 1:00:21]} Nxc5
{[%clk 1:08:43]} 17. Qd5 {[%clk 0:59:37]} Be6 {[%clk 1:08:59]} 18. Qh5+
{[%clk 0:56:04]} Bf7 {[%clk 1:09:23]} 19. Qf5 {[%clk 0:56:26]} b4
{[%clk 1:08:17]} 20. Ne2 {[%clk 0:56:13]} b3+ {[%clk 0:54:38]} 21. Nc3
{[%clk 0:56:09]} Qa6 {[%clk 0:53:50]} 22. a4 {[%clk 0:52:26]} Nd3+
{[%clk 0:51:41]} 23. Kd2 {[%clk 0:50:05]} Rd8 {[%clk 0:52:02]} 24. Nd4
{[%clk 0:50:04]} Nxb2 {[%clk 0:46:57]} 25. Ncb5 {[%clk 0:49:33]} Nc4+
{[%clk 0:47:10]} 26. Ke2 {[%clk 0:48:40]} Nd6 {[%clk 0:47:27]} 27. Qd3
{[%clk 0:48:21]} Qc8 {[%clk 0:44:13]} 28. Rhc1 {[%clk 0:47:03]} Qg4+
{[%clk 0:44:22]} 29. Kf1 {[%clk 0:47:29]} Rg8 {[%clk 0:40:03]} 30. g3
{[%clk 0:45:30]} Nxb5 {[%clk 0:38:27]} 31. Qxb5+ {[%clk 0:45:36]} Kf8
{[%clk 0:38:25]} 32. Rc7 {[%clk 0:44:21]} Qe4 {[%clk 0:37:10]} 33. Rac1
{[%clk 0:43:45]} Rg5 {[%clk 0:35:53]} 34. Qb7 {[%clk 0:37:50]} Bd5
{[%clk 0:35:37]} 35. Qb5 {[%clk 0:37:14]} Bf7 {[%clk 0:27:37]} 36. Qb7
{[%clk 0:37:10]} Bd5 {[%clk 0:21:27]} 37. Qb5 {[%clk 0:37:13]} Qg2+
{[%clk 0:21:31]} 38. Ke1 {[%clk 0:34:34]} Re5 {[%clk 0:20:54]} 39. Rc8
{[%clk 0:32:31]} b2 {[%clk 0:16:37]} 40. Rxd8+ {[%clk 0:30:15]} Bxd8
{[%clk 0:16:07]} 41. Rc8 {[%clk 0:25:41]} b1=R+ {[%clk 0:16:25]} 0-1

[Event "XXVI Miedzynarodowy Festiwal Szachowy im.Jozefa Dominika"]
[Site "Dobczyce"]
[Date "2018.07.12"]
[Round "3.4"]
[White "Tymrakiewicz, Rafal"]
[Black "Golenia, Wojciech"]
[Result "0-1"]
[BlackElo "1984"]
[WhiteElo "2218"]
[LiveChessVersion "1.4.8"]

1. d4 {[%clk 1:30:41]} Nf6 {[%clk 1:24:13]} 2. Bf4 {[%clk 1:30:50]} d6
{[%clk 1:23:07]} 3. e3 {[%clk 1:30:59]} g6 {[%clk 1:23:19]} 4. Nf3
{[%clk 1:30:21]} Bg7 {[%clk 1:23:21]} 5. Bc4 {[%clk 1:30:13]} O-O
{[%clk 1:22:23]} 6. Nbd2 {[%clk 1:29:57]} c6 {[%clk 1:18:41]} 7. a4
{[%clk 1:28:44]} Qe8 {[%clk 1:15:37]} 8. e4 {[%clk 1:22:20]} Nbd7
{[%clk 1:12:50]} 9. O-O {[%clk 1:13:26]} e5 {[%clk 1:10:29]} 10. dxe5
{[%clk 1:13:32]} dxe5 {[%clk 1:09:46]} 11. Be3 {[%clk 1:09:50]} h6
{[%clk 0:57:13]} 12. h3 {[%clk 1:05:14]} Qe7 {[%clk 0:50:22]} 13. c3
{[%clk 1:02:03]} Nh5 {[%clk 0:47:08]} 14. Re1 {[%clk 0:58:09]} Rd8
{[%clk 0:37:48]} 15. Qc2 {[%clk 0:51:33]} Nf8 {[%clk 0:36:08]} 16. Rad1
{[%clk 0:48:49]} Be6 {[%clk 0:34:47]} 17. Qb3 {[%clk 0:46:58]} Nf4
{[%clk 0:29:51]} 18. Bxf4 {[%clk 0:41:42]} exf4 {[%clk 0:29:46]} 19. e5
{[%clk 0:42:00]} Rd7 {[%clk 0:22:28]} 20. Bxe6 {[%clk 0:27:50]} Nxe6
{[%clk 0:21:27]} 21. Ne4 {[%clk 0:27:44]} Rad8 {[%clk 0:21:08]} 22. Rxd7
{[%clk 0:25:35]} Qxd7 {[%clk 0:17:17]} 23. Nd6 {[%clk 0:22:53]} b6
{[%clk 0:16:07]} 24. Qc4 {[%clk 0:21:39]} Bf8 {[%clk 0:15:11]} 25. Ne4
{[%clk 0:19:56]} Be7 {[%clk 0:15:06]} 26. Kh2 {[%clk 0:19:31]} b5
{[%clk 0:14:29]} 27. axb5 {[%clk 0:17:41]} cxb5 {[%clk 0:14:46]} 28. Qa2
{[%clk 0:18:01]} Kg7 {[%clk 0:14:17]} 29. b4 {[%clk 0:11:59]} Qb7
{[%clk 0:13:53]} 30. Qe2 {[%clk 0:11:10]} Qd5 {[%clk 0:13:39]} 31. Ra1
{[%clk 0:11:16]} Rd7 {[%clk 0:13:30]} 32. Ra5 {[%clk 0:10:36]} Rb7
{[%clk 0:13:30]} 33. Ra2 {[%clk 0:08:37]} Qc6 {[%clk 0:12:24]} 34. Ra1
{[%clk 0:07:40]} Rd7 {[%clk 0:12:29]} 35. Nf6 {[%clk 0:06:24]} Qxc3
{[%clk 0:11:07]} 36. Qxb5 {[%clk 0:05:14]} Bxf6 {[%clk 0:08:01]} 37. Re1
{[%clk 0:02:47]} Rc7 {[%clk 0:06:59]} 38. exf6+ {[%clk 0:03:06]} Qxf6
{[%clk 0:07:11]} 39. Qa5 {[%clk 0:02:44]} Qc3 {[%clk 0:05:42]} 40. Qd5
{[%clk 0:02:39]} Kh7 {[%clk 0:03:39]} 41. b5 {[%clk 0:01:15]} Qc5
{[%clk 0:03:15]} 42. Qxc5 {[%clk 0:00:46]} Rxc5 {[%clk 0:02:56]} 43. Ra1
{[%clk 0:00:52]} Rxb5 {[%clk 0:03:05]} 44. Rxa7 {[%clk 0:01:18]} Kg7
{[%clk 0:03:03]} 45. Ra4 {[%clk 0:00:41]} Rb2 {[%clk 0:02:59]} 46. Kg1
{[%clk 0:00:48]} Rb1+ {[%clk 0:02:58]} 47. Kh2 {[%clk 0:01:16]} Rf1
{[%clk 0:03:02]} 48. Ra7 {[%clk 0:00:45]} Kf6 {[%clk 0:00:52]} 49. Nd2
{[%clk 0:01:09]} Rd1 {[%clk 0:00:54]} 50. Ne4+ {[%clk 0:01:20]} Kg7
{[%clk 0:01:08]} 51. h4 {[%clk 0:00:41]} Rd4 {[%clk 0:00:56]} 52. f3
{[%clk 0:01:07]} Rd5 {[%clk 0:01:12]} 53. Kg1 {[%clk 0:00:51]} Nd4
{[%clk 0:00:40]} 54. Kf2 {[%clk 0:01:17]} Nf5 {[%clk 0:00:36]} 55. h5
{[%clk 0:01:29]} g5 {[%clk 0:00:43]} 56. Ra2 {[%clk 0:01:33]} Rb5
{[%clk 0:00:41]} 57. Nc3 {[%clk 0:00:34]} Re5 {[%clk 0:00:50]} 58. Ne4
{[%clk 0:01:02]} Rb5 {[%clk 0:01:13]} 59. g3 {[%clk 0:00:32]} fxg3+
{[%clk 0:01:08]} 60. Nxg3 {[%clk 0:01:01]} Nd4 {[%clk 0:01:01]} 61. Rd2
{[%clk 0:01:28]} Ne6 {[%clk 0:01:15]} 62. Ne2 {[%clk 0:01:49]} Rf5
{[%clk 0:01:18]} 63. Nd4 {[%clk 0:01:33]} Nxd4 {[%clk 0:01:28]} 64. Rxd4
{[%clk 0:02:02]} Rf4 {[%clk 0:01:43]} 65. Rd5 {[%clk 0:00:48]} Rh4
{[%clk 0:01:54]} 66. Kg3 {[%clk 0:00:35]} Rxh5 {[%clk 0:02:02]} 67. Ra5
{[%clk 0:00:34]} Rh4 {[%clk 0:02:06]} 68. Ra6 {[%clk 0:00:47]} Rf4
{[%clk 0:02:10]} 69. Rb6 {[%clk 0:01:04]} Ra4 {[%clk 0:02:05]} 70. Rc6
{[%clk 0:01:24]} f6 {[%clk 0:02:10]} 71. Rb6 {[%clk 0:01:42]} Kg6
{[%clk 0:02:15]} 72. Rb3 {[%clk 0:02:07]} h5 {[%clk 0:02:09]} 73. Rb2
{[%clk 0:01:25]} Rc4 {[%clk 0:01:45]} 74. Rb3 {[%clk 0:01:47]} Ra4
{[%clk 0:01:25]} 75. Rc3 {[%clk 0:02:13]} Ra5 {[%clk 0:00:52]} 76. Rb3
{[%clk 0:02:31]} Kf5 {[%clk 0:00:52]} 77. Rb4 {[%clk 0:02:41]} Ra3
{[%clk 0:01:00]} 78. Rb5+ {[%clk 0:00:47]} Kg6 {[%clk 0:01:23]} 79. Kg2
{[%clk 0:00:36]} g4 {[%clk 0:01:22]} 80. fxg4 {[%clk 0:00:38]} hxg4
{[%clk 0:01:45]} 81. Rb8 {[%clk 0:01:06]} Kg5 {[%clk 0:01:49]} 82. Kf2
{[%clk 0:01:30]} f5 {[%clk 0:01:59]} 83. Rb5 {[%clk 0:01:54]} Rf3+
{[%clk 0:01:48]} 84. Kg2 {[%clk 0:02:23]} Rc3 {[%clk 0:01:49]} 85. Ra5
{[%clk 0:02:51]} Re3 {[%clk 0:00:53]} 86. Kf2 {[%clk 0:03:09]} Rb3
{[%clk 0:00:51]} 87. Kg2 {[%clk 0:03:38]} g3 {[%clk 0:00:44]} 88. Ra8
{[%clk 0:02:51]} Kg4 {[%clk 0:00:57]} 89. Rg8+ {[%clk 0:03:01]} Kf4
{[%clk 0:01:17]} 90. Kh3 {[%clk 0:03:25]} Rf3 {[%clk 0:01:12]} 91. Rg7
{[%clk 0:03:33]} Rf2 {[%clk 0:01:13]} 92. Rxg3 {[%clk 0:02:27]} Rf3
{[%clk 0:01:34]} 93. Rxf3+ {[%clk 0:02:42]} Kxf3 {[%clk 0:01:58]} 94. Kh2
{[%clk 0:03:11]} Kf2 {[%clk 0:02:18]} 95. Kh1 {[%clk 0:03:29]} f4
{[%clk 0:02:41]} 96. Kh2 {[%clk 0:03:53]} f3 {[%clk 0:03:05]} 97. Kh1
{[%clk 0:04:15]} Ke1 {[%clk 0:03:22]} 0-1